000 02934nam a22002537a 4500
008 250521b |||||||| |||| 00| 0 eng d
020 _a9791035821845
040 _ctbs
041 _aspa
_afre
050 _aPQ8098.29
_b.E68P38 1995
100 _aSepúlveda, Luis
_d1949-
_925280
_eauthor
245 _aPatagonia express
_c/ Luis Sepúlveda.
260 _aParis :
_bBelin Éducation,
_c2022.
300 _a255 pages ;
_c19 cm.
490 _aNo tan clásicos
505 _aMarginal vocabulary notes (in French and Spanish) — B1-B2 Level — A comprehensive file to understand the work, its characters, major themes, and its context — Quizzes to memorize the essentials in a playful manner — Activities to improve in English, thanks to the text of an exceptional author — Contains exercises in the form of quizzes. The work is accompanied by a downloadable pedagogical guide at belin-education.com.
505 _aNotes de vocabulaire en marge (en français et en espagnol) — Niveau B1-B2 — Un dossier complet pour comprendre l’œuvre, ses personnages, ses thèmes majeurs et son contexte — Des quiz pour mémoriser l’essentiel de manière ludique — Des activités pour progresser en anglais grâce au texte d’un auteur exceptionnel — Contient des exercices sous forme de quiz. L’œuvre est accompagnée d’un guide pédagogique téléchargeable sur belin-education.com.
505 _aNotas de vocabulario en los márgenes (en francés y en español) — Nivel B1-B2 — Un dossier completo para entender la obra, sus personajes, sus grandes temas y su contexto — Cuestionarios para recordar lo esencial de forma amena — Actividades para mejorar tu inglés a través del texto de un autor excepcional — Incluye ejercicios en formato de cuestionario. La obra viene acompañada de una guía pedagógica descargable en belin-education.com.
520 _aFrom Patagonia to the Andalusian village of his anarchist grandfather, the author recounts his journey in search of his roots. His story will take you through breathtaking landscapes and introduce you to unforgettable characters. Through their stories, discover an extreme, wild, and moving world.
520 _aDe la Patagonie jusqu’au village andalou de son grand-père anarchiste, l’auteur raconte son périple à la recherche de ses origines. Son récit vous mènera dans des paysages à couper le souffle, à la rencontre de personnages inoubliables. Découvrez à travers leurs histoires un monde extrême, sauvage et émouvant.
520 _aDesde la Patagonia hasta el pueblo andaluz de su abuelo anarquista, el autor relata su viaje en busca de sus orígenes. Su historia te llevará por paisajes impresionantes y te presentará personajes inolvidables. A través de sus relatos, descubrirás un mundo extremo, salvaje y conmovedor.
651 0 _aPatagonia (Argentina and Chile)
_xDescription and travel
_925281
942 _2lcc
999 _c4688
_d4688